000
00209 a2200109 4500
020
_a
9780153069659
041
_a
spa
100
_a
Jones, Rebecca C.
245
_a
Mateo y Tili
942
_c
BK
999
_c
29730
_d
29728
999
_d
29728